000 00412nam a22001697a 4500
005 20180606115604.0
008 160513b xxu||||| |||| 00| 0 eng d
020 _a81-8412035-4
041 _aeng
082 _b1838
_a650.01513
100 _aA.P. Verma
_9545
245 _aBusiness Mathematics
260 _aNew Delhi
_bAsian Books Pvt. Ltd.
_c2007
300 _a26.32
650 _aManagement
_9241
942 _cBK
999 _c711
_d711